000 00300nam a2200121Ia 4500
008 230907s9999||||xx |||||||||||||| ||und||
082 _a629.1343533
_bCUM
100 _aCumpsty, N. A.
245 0 _aJet propulsion :
260 _aCambridge,
_bCambridge :
_c2018
300 _axiv, 351 p.
942 _cBK
999 _c598465
_d598465